Hỏi đáp về phòng, chống tệ nạn ma túy
Sparad:
| Huvudupphovsman: | |
|---|---|
| Materialtyp: | Bok |
| Språk: | Undetermined |
| Publicerad: |
Hà Nội
Công an nhân dân
2003
|
| Ämnen: | |
| Taggar: |
Lägg till en tagg
Inga taggar, Lägg till första taggen!
|
| Thư viện lưu trữ: | Trung tâm Học liệu Trường Đại học Cần Thơ |
|---|
| LEADER | 00626nam a2200217Ia 4500 | ||
|---|---|---|---|
| 001 | CTU_93724 | ||
| 008 | 210402s9999 xx 000 0 und d | ||
| 020 | |c 25000 | ||
| 082 | |a 362.29 | ||
| 082 | |b L527 | ||
| 100 | |a Trần, Văn Luyện | ||
| 245 | 0 | |a Hỏi đáp về phòng, chống tệ nạn ma túy | |
| 245 | 0 | |c Trần Văn Luyện | |
| 260 | |a Hà Nội | ||
| 260 | |b Công an nhân dân | ||
| 260 | |c 2003 | ||
| 650 | |a Narcotics,Drug, control,Drug abuse | ||
| 650 | |x Prevention | ||
| 650 | |z Vietnam | ||
| 904 | |i Mai Loan | ||
| 980 | |a Trung tâm Học liệu Trường Đại học Cần Thơ | ||